000 00522nam a2200181Ia 4500
001 19335
005 20260306172645.0
008 260306t2011||||xx |||||||||||||| ||spa||
041 _aESP
082 _a658.8342
_bG77
100 _aPhillip Graves
_eAUT
245 0 _a¿Porqué consumimos ?:
_bel mito de los estudios de mercado, y las verdades sobre la psicología del comprador y comportamiento
260 _c2011
300 _a317 páginas :
_c21 cm.
650 _aGEN
654 _aCAN
942 _cLIB
_dJUS
_fJUS
_2ddc
_n
999 _c19335
_d19335